|
|
|
|
| LEADER |
00000nam2a2200000 4500 |
| 001 |
340998 |
| 005 |
20231102005311.0 |
| 010 |
|
|
|a 9785904014667
|
| 035 |
|
|
|a (RuTPU)RU\TPU\book\368186
|
| 090 |
|
|
|a 340998
|
| 100 |
|
|
|a 20180517d2015 k y0rusy50 ca
|
| 101 |
0 |
|
|a rus
|
| 102 |
|
|
|a RU
|
| 105 |
|
|
|a a z 101zy
|
| 200 |
0 |
|
|a Т. 1
|
| 210 |
|
|
|d 2015
|
| 215 |
|
|
|a 313 с.
|c ил.
|
| 320 |
|
|
|a Библиогр. в конце докл.
|
| 330 |
|
|
|a В сборник включены доклады пленарного и секционных заседаний IX Биогеохимической школы-конференции, посвященные вопросам миграции и аккумуляции химических элементов и их соединений в компонентах природных и техногенных ландшафтов - почвах, водах, живых организмах. Рассматриваются физиолого-химические аспекты метаболизма микроэлементов, источники их поступления в растительные и животные организмы. Обсуждаются проблемы микроэлементозов и способы их коррекции. Освещаются новые методы определения тяжелых металлов в природных объектах, подходы к экологическому нормированию нагрузок на окружающую среду и организации ее мониторинга, а также возможности биоремедиации загрязненных почв. Для специалистов в области биогеохимии, почвоведения, экологии, медицины и сельского хозяйства.
|
| 461 |
|
1 |
|0 (RuTPU)RU\TPU\book\306185
|t Биогеохимия техногенеза и современные проблемы геохимической экологии
|o труды IX Международной биогеохимической школы, г. Барнаул, 24-28 августа 2015 г.
|o в 2 т.
|f Российская академия наук (РАН), Сибирское отделение (СО), Институт водных и экологических проблем (ИВЭП) ; Российская академия наук (РАН), Институт геохимии и аналитической химии (ГЕОХИ) ; Российская академия наук (РАН), Сибирское отделение (СО), Институт почвоведения и агрохимии (ИПА) ; Национальный исследовательский Томский политехнический университет (ТПУ) ; Горно-Алтайский государственный университет ; Алтайский государственный аграрный университет (АГАУ)
|v Т. 1
|n [Б. и.]
|d 2015
|
| 606 |
1 |
|
|a Экологическая геохимия
|2 stltpush
|3 (RuTPU)RU\TPU\subj\72093
|9 85680
|
| 610 |
1 |
|
|a материалы конференций
|
| 610 |
1 |
|
|a техногенез
|
| 610 |
1 |
|
|a биогеохимия
|
| 610 |
1 |
|
|a геохимическая экология
|
| 610 |
1 |
|
|a макроэлементы
|
| 610 |
1 |
|
|a микроэлементы
|
| 610 |
1 |
|
|a радионуклиды
|
| 610 |
1 |
|
|a биосфера
|
| 610 |
1 |
|
|a таксоны
|
| 610 |
1 |
|
|a водные экосистемы
|
| 675 |
|
|
|a 550.4(063)
|v 4
|
| 801 |
|
1 |
|a RU
|b 63413507
|c 20180517
|
| 801 |
|
2 |
|a RU
|b 63413507
|c 20210824
|g RCR
|
| 942 |
|
|
|c BK
|